Limón : educación infantil : 4 años
Gespeichert in:
| Format: | Buch |
|---|---|
| Sprache: | Spanisch |
| Erschienen: |
Barcelona :
Grupo Edebé,
1996
|
| Katalog: | MANES: Suchergebnis im Bibliothekskatalog |
| Schulbuchspezifische Eigenschaften: |
|
| Schlagworte: | |
| Tags: |
Tag hinzufügen
Keine Tags, Fügen Sie den ersten Tag hinzu!
|
| Hinzugefügt zu: | 19.07.1998 |
| Geändert in: | 07.05.2025 |
MARC
| LEADER | 00000cam a2200000 i 4500 | ||
|---|---|---|---|
| 005 | 20250507134504.0 | ||
| 008 | 980720s1996 espa fp 000 0 spa d | ||
| 020 | |a 8423635139 (obra completa) |a 8423635104 (primer trimestre) | ||
| 040 | |a uned |b spa |c entro-manes | ||
| 245 | 0 | 0 | |a Limón : |b educación infantil : 4 años |
| 260 | |a Barcelona : |b Grupo Edebé, |c 1996 | ||
| 300 | |a [1] v. | ||
| 505 | 1 | |a Contiene: |g Primer trimestre (4 cuadernillos) | |
| 546 | |a España | ||
| 561 | |5 es-BUNED |3 L.T.M. 2173 |a España. Fondo Manes UNED |k MANES | ||
| 650 | 7 | |a Material didáctico | |
| 691 | 0 | |a IN | |
| 942 | |2 ddc |c BK | ||
| 999 | |c 95615 |d 95615 | ||
| 999 | |c manes:95615 |d 95615 | ||